La goleta Virginia

Saved in:
Bibliografiske detaljer
Hovedforfatter: Tamayo, Luis Alberto (Author)
Format: Bog
Sprog:spansk
Udgivet: Santiago Don Bosco 1998
Udgivelse:1a. ed
Serier:Odisea
Fag:
Tags: Tilføj Tag
Ingen Tags, Vær først til at tagge denne postø!

MARC

LEADER 00000nam a2200000 a 4500
001 UCH8441
003 CL-VaPUC
008 091127e19980000CL |||||||||||||||||spa|d
020 |a 9561803763 
082 0 4 |a Ch863  |b TAM  |2 21 
100 0 |a Tamayo, Luis Alberto  |e author  |9 545022 
245 1 3 |a La goleta Virginia 
250 |a 1a. ed 
300 |a 127 p 
942 |c BK 
945 |d 20091127 00:00:00 
260 |a Santiago  |b Don Bosco  |c 1998 
500 |a Mención Honrosa Novela, Concurso Narrativa Juvenil 1994-1995 
650 0 |a Cuentos chilenos   |9 308280 
583 |a last modification  |c 20091127 00:00:00  |k Rodrigo Vera 
490 0 |a Odisea 
999 |c 338653  |d 338651